Forum scientiae et sapientiae

Bibliographic Details
Previous Title:Forum scientiae
Other Authors: Erdziaková, Alena (Publishing director)
Format: Journal
Language:Slovak
Czech
English
German
PhysicalDescription:12 zv. 30 cm
Published: Bratislava Polygrafia vedeckej literatúry a časopisov SAV 1997-2008
Bratislava Občianske združenie Forum sapientiae
Bratislava Veda Občianske združenie Forum sapientiae
ISSN:1335-566X
Subjects:

MARC

LEADER 00000cas a2200000 a 4500
001 vtls001477135
003 SK-MaSNL
005 20260228161401.0
008 040622d19972008xo qr p 0 0b0slo c
022 |a 1335-566X 
035 |a SNK000432435 
040 |a SNK  |b slo  |c SNK  |d SVKBB  |d SAVUK  |e AACR2 
041 |a slo  |a cze  |a eng  |a ger 
044 |a xo  |c SK 
072 7 |a 00  |x Veda. Všeobecnosti. Základy vedy a kultúry. Vedecká práca  |2 konspekt 
080 |a 001  |2 2001 
080 |a (051)-027.561  |2 2001 
080 |a 050  |2 2001 
210 0 |a Forum sci. sapient. 
222 0 |a Forum scientiae et sapientiae 
245 0 0 |a Forum scientiae et sapientiae 
247 0 1 |a Forum scientiae et sapientiae  |b časopis pre otvorený a tvorivý dialóg  |f 1997-1999 
247 0 1 |a Forum scientiae et sapientiae  |b štvrťročník pre otvorený a tvorivý dialóg  |f 2000-2008 
260 |a Bratislava  |b Polygrafia vedeckej literatúry a časopisov SAV  |c 1997-2008 
260 2 |3 2000-  |a Bratislava  |b Občianske združenie Forum sapientiae 
260 3 |3 [2006]- 2008  |a Bratislava  |b Veda  |b Občianske združenie Forum sapientiae 
300 |a 12 zv.  |c 30 cm 
310 |a 4x ročne  |b 1999-2008 
321 |a 1x mesačne  |b 1997-1998 
362 0 |a Roč. 4, č. 7-12 (1997)-roč. 15, č. 1 (2008) 
500 |a Šéfredaktor: 7/1997-2008, Alena Erdziaková 
546 |a Čiast. text aj v češ., angl. a nem. 
650 0 7 |a veda  |2 SNKPH  |9 1599 
650 0 7 |a Science  |2 SNKPHeng  |9 265845 
655 7 |a odborné časopisy  |2 SNKPH  |9 70505 
655 7 |a Professional journals  |2 SNKPHeng  |9 265007 
700 1 |a Erdziaková, Alena  |4 pbd  |9 268524 
780 0 0 |t Forum scientiae  |w vtls008880635 
852 |a Štátna vedecká knižnica v Banskej Bystrici 
910 |a snk 
910 |a savuk 
916 |a 1997-2008 
999 |c 5175  |d 7105 
952 |0 0  |1 0  |4 0  |7 0  |8 1  |a SNK  |b SNK  |d 2010-10-29  |i snk2010/23711  |l 0  |o snkČSB 4011/6/1999 D1  |p 17A0672499  |r 2026-02-21 19:55:37  |t č. 1-4  |w 2026-02-21  |y PREZ 
952 |0 0  |1 0  |4 0  |7 0  |a SNK  |b SNK  |d 2007-02-05  |i snkČSP 2706/2000  |l 0  |o snkČSB 4011/5/1998 D1  |p 17A0532219  |r 2026-02-21 20:19:44  |t č. 1-12  |w 2026-02-21  |y PREZ 
952 |0 0  |1 0  |3 Chýba č. 1,4.  |4 0  |7 0  |8 0  |a SNK  |b SNK  |d 2008-02-19  |i snk2008/4427  |l 0  |o snkČSB 4011/7/2000 D1  |p 17A0563979  |r 2026-02-21 20:21:48  |t č. 1-4, neúplné  |w 2026-02-21  |y PREZ  |z Chýba č. 4 
952 |0 0  |1 0  |4 0  |7 0  |8 0  |a SNK  |b SNK  |d 2008-02-19  |i snk2008/4433  |l 0  |o snkČSB 4011/11/2004 D1  |p 17A0563985  |r 2026-02-21 20:38:48  |t č. 1-2  |w 2026-02-21  |y PREZ 
952 |0 0  |1 0  |4 0  |7 0  |8 0  |a SNK  |b SNK  |d 2008-02-19  |f 1  |i snk2008/4425  |l 0  |o snkČSB 4011/6/1999  |p 17A0563977  |r 2026-02-21 20:39:12  |t č. 1-4  |w 2026-02-21  |y PREZ 
952 |0 0  |1 0  |4 0  |7 0  |8 0  |a SNK  |b SNK  |d 2008-02-19  |f 1  |i snk2008/4426  |l 0  |o snkČSB 4011/7/2000  |p 17A0563978  |r 2026-02-21 20:39:12  |t č. 1-4  |w 2026-02-21  |y PREZ 
952 |0 0  |1 0  |4 0  |7 0  |8 0  |a SNK  |b SNK  |d 2008-02-19  |f 1  |i snk2008/4428  |l 0  |o snkČSB 4011/8/2001  |p 17A0563980  |r 2026-02-21 20:39:12  |t č. 1-4  |w 2026-02-21  |y PREZ 
952 |0 0  |1 0  |4 0  |7 0  |8 0  |a SNK  |b SNK  |d 2008-02-19  |i snk2008/4429  |l 0  |o snkČSB 4011/8/2001 D1  |p 17A0563981  |r 2026-02-21 20:39:12  |t č. 1-4  |w 2026-02-21  |y PREZ 
952 |0 0  |1 0  |4 0  |7 0  |8 0  |a SNK  |b SNK  |d 2008-02-19  |f 1  |i snk2008/4430  |l 0  |o snkČSB 4011/10/2003  |p 17A0563982  |r 2026-02-21 20:39:13  |t č. 1-4  |w 2026-02-21  |y PREZ 
952 |0 0  |1 0  |4 0  |7 0  |8 0  |a SNK  |b SNK  |d 2008-02-19  |i snk2008/4431  |l 0  |o snkČSB 4011/10/2003 D1  |p 17A0563983  |r 2026-02-21 20:39:13  |t č. 1-4  |w 2026-02-21  |y PREZ 
952 |0 0  |1 0  |4 0  |7 0  |8 0  |a SNK  |b SNK  |d 2008-02-19  |f 1  |i snk2008/4432  |l 0  |o snkČSB 4011/11/2004  |p 17A0563984  |r 2026-02-21 20:39:13  |t č. 1-2  |w 2026-02-21  |y PREZ 
952 |0 0  |1 0  |4 0  |7 0  |8 0  |a SNK  |b SNK  |d 2014-03-10  |f 1  |i snk2014/6227  |l 0  |o snkČSB 4011/15/2008  |p 17A0752100  |r 2026-02-21 20:41:44  |t č. 1  |w 2026-02-21  |y PREZ 
952 |0 0  |1 0  |4 0  |7 0  |8 0  |a SNK  |b SNK  |d 2014-03-10  |i snk2014/6228  |l 0  |o snkČSB 4011/15/2008 D1  |p 17A0752101  |r 2026-02-21 20:41:45  |t č. 1  |w 2026-02-21  |y PREZ 
952 |0 0  |1 0  |4 0  |7 0  |a SNK  |b SNK  |d 2014-03-12  |f 1  |i snkČSP 2708/2000  |l 0  |o snkČSB 4011/4/1997   |p 17A0925398  |r 2026-02-21 20:41:55  |t č. 7-12  |w 2026-02-21  |y PREZ 
952 |0 0  |1 0  |4 0  |7 0  |a SNK  |b SNK  |d 2014-03-12  |f 1  |i snkČSP 2705/2000  |l 0  |o snkČSB 4011/5/1998  |p 17A0925400  |r 2026-02-21 20:41:57  |t č. 1-12  |w 2026-02-21  |y PREZ 
952 |0 0  |1 0  |4 0  |7 0  |8 0  |a SNK  |b SNK  |d 2014-03-10  |f 1  |i snk2014/6225  |l 0  |o snkČSB 4011/14/2007  |p 17A0752098  |r 2026-02-21 21:23:36  |t č. 1-4  |w 2026-02-21  |y PREZ 
952 |0 0  |1 0  |4 0  |7 0  |8 0  |a SNK  |b SNK  |d 2014-03-10  |i snk2014/6226  |l 0  |o snkČSB 4011/14/2007 D1  |p 17A0752096  |r 2026-02-21 21:23:36  |t č. 1-4  |w 2026-02-21  |y PREZ 
952 |0 0  |1 0  |4 0  |7 0  |a SNK  |b SNK  |d 2004-11-18  |i snkČSP 2707/2000  |l 0  |o snkČSB 4011/4/1997 D1  |p 17A0452077  |r 2005-01-02 00:00:00  |w 2026-02-21  |y PREZ 
952 |0 0  |1 0  |4 0  |7 0  |8 0  |a SNK  |b SNK  |d 2014-03-10  |f 1  |i snk2014/6223  |l 0  |o snkČSB 4011/13/2006  |p 17A0752099  |r 2026-02-21 21:30:55  |t č. 1-3  |w 2026-02-21  |y PREZ 
952 |0 0  |1 0  |4 0  |7 0  |8 0  |a SNK  |b SNK  |d 2014-03-10  |i snk2014/6224  |l 0  |o snkČSB 4011/13/2006 D1  |p 17A0752097  |r 2026-02-21 21:30:55  |t č. 1-3  |w 2026-02-21  |y PREZ